UBT Library

American constitutional issues / (Record no. 42998)

000 -LEADER
fixed length control field 00656cam a22002411a 4500
001 - CONTROL NUMBER
control field 7033863
005 - DATE AND TIME OF LATEST TRANSACTION
control field 20180221035547.0
008 - FIXED-LENGTH DATA ELEMENTS--GENERAL INFORMATION
fixed length control field 721101s1962 nyu b 001 0 eng
010 ## - LIBRARY OF CONGRESS CONTROL NUMBER
LC control number 62012484
015 ## - NATIONAL BIBLIOGRAPHY NUMBER
National bibliography number GB63-5811
035 ## - SYSTEM CONTROL NUMBER
System control number (OCoLC)483664
040 ## - CATALOGING SOURCE
Original cataloging agency DLC
Transcribing agency OAkU
Modifying agency OCoLC
-- MoSU-L
-- PPiU
-- Uk
-- DLC
041 ## - LANGUAGE CODE
Language code of text/sound track or separate title eng
043 ## - GEOGRAPHIC AREA CODE
Geographic area code n-us---
080 ## - UNIVERSAL DECIMAL CLASSIFICATION NUMBER
Universal Decimal Classification number 342.733 HER
082 ## - DEWEY DECIMAL CLASSIFICATION NUMBER
Classification number 342.733 HER
100 1# - Rafti
Rafti 23
101 ## - Shkurtesa
Shkurtesa POL
245 10 - TITLE STATEMENT
Title American constitutional issues /
Statement of responsibility, etc C. Herman Pritchett.
504 ## - BIBLIOGRAPHY, ETC. NOTE
Bibliography, etc Includes bibliographical references and index.
906 ## - LOCAL DATA ELEMENT F, LDF (RLIN)
a 7
b cbc
c oclcrpl
d u
e ncip
f 19
g y-gencatlg
942 ## - ADDED ENTRY ELEMENTS (KOHA)
Source of classification or shelving scheme
Item type Books
Holdings
Withdrawn status Lost status Source of classification or shelving scheme Damaged status Not for loan Collection code Permanent location Current location Shelving location Date acquired Total Checkouts Full call number Barcode Date last seen Price effective from Koha item type
          Koleksioni i përgjithshem UBT - Lipjan UBT - Lipjan Koleksioni i përgjithshem 02/21/2018   342.733 HER 002-2999924 02/21/2018 02/21/2018 Books
UBT Library © 2015-2024. All rights reserved University Education for Business and Technology